Pročnosť kompozicionnych materialov

Saved in:
Bibliographic Details
Format: Book
Language:Russian
Published: Kijev : Naukova dumka, 1978
Subjects:
Tags: Add Tag
No Tags, Be the first to tag this record!

MARC

LEADER 00000nam a22000003a 4500
001 stu40911
005 20141122045041.0
008 930601s1978----xxr-----------------rus-d
040 |a STU  |b slo 
041 0 |a rus 
044 |a xxr 
080 |a 539.4 
080 |a 669.2/.8 
245 |a Pročnosť kompozicionnych materialov 
260 |a Kijev :  |b Naukova dumka,  |c 1978 
300 |a 231 s 
650 7 |a materiály kompozitné  |2 stusub 
650 7 |a pevnosť  |2 stusub 
996 |b 284M014006  |c M*6747-1  |l MMKN  |s A  |a 24  |w stu40911_0001